(Un poco mas) de 20 poemas de odio y una cancion desesperada (Record no. 483)
[ view plain ]
| 000 -LEADER | |
|---|---|
| campo de control de longitud fija | 00435nam a22001337a 4500 |
| 008 - DATOS DE LONGITUD FIJA--INFORMACIÓN GENERAL | |
| campo de control de longitud fija | 150327b xxu||||| |||| 00| 0 eng d |
| 020 ## - NÚMERO INTERNACIONAL ESTÁNDAR DEL LIBRO | |
| Número Internacional Estándar del Libro | 2847330240 |
| 082 ## - NÚMERO DE LA CLASIFICACIÓN DECIMAL DEWEY | |
| Número de clasificación | 841 |
| Número de ítem | B 233p |
| 100 ## - ENTRADA PRINCIPAL--NOMBRE DE PERSONA | |
| Nombre de persona | Barbe, Norbert-Bertrand |
| 9 (RLIN) | 343 |
| 245 ## - MENCIÓN DEL TÍTULO | |
| Título | (Un poco mas) de 20 poemas de odio y una cancion desesperada |
| Mención de responsabilidad, etc. | Barbe, Norbert-Bertrand |
| 300 ## - DESCRIPCIÓN FÍSICA | |
| Extensión | 150 |
| Otras características físicas | ill. |
| Dimensiones | 20.5 cm |
| 650 ## - PUNTO DE ACCESO ADICIONAL DE MATERIA--TÉRMINO DE MATERIA | |
| Subdivisión general | Literatura |
| -- | Poesia |
| Subdivisión geográfica | Francia |
| 9 (RLIN) | 2296 |
| 700 ## - ENTRADA AGREGADA--NOMBRE PERSONAL | |
| Nombre de persona | Barbe Norbert-Bertrand |
| 9 (RLIN) | 343 |
| Estatus retirado | Estado de pérdida | Fuente del sistema de clasificación o colocación | Estado de daño | No para préstamo | Biblioteca de origen | Biblioteca actual | Ubicación en estantería | Fecha de adquisición | Total de préstamos | Signatura topográfica completa | Código de barras | Visto por última vez | Precio de reemplazo | Tipo de ítem Koha |
|---|---|---|---|---|---|---|---|---|---|---|---|---|---|---|
| Clasificación Decimal Dewey | Biblioteca LadoV | Biblioteca LadoV | 27/03/2015 | 841 B 233p | 000043 | 27/03/2015 | 27/03/2015 | Material 01 |
